00710nam a2200169Ia 4500001001100000003000500011008004100016010001100057040000900068100003600077245019100113260003400304300002300338502008900361700004000450710005000490Para_10304CHAP220125sJuni xx 000 0 und d a205310 cCHAP aMontalvo Mendoza, Yaneli Idalhi aEvaluación de la colección nacional del trigo (Triticum aestivum L.) al daño de Septoria tritici Rob Ex. Derm /c Yaneli Idalhi Montalvo Mendoza; Director Santos Gerardo Leyva Mir aChapingo, Méx. :b el autor a1 CDS ROM (103 p.) aTesis (M.C. en Protección Vegetal). UACh. Departamento Parasitología Agrícola aLeyva Mir, Santos Gerardo. Director aUACh. Departamento Parasitología Agrícola